000
00260nam a2200097Ia 4500
001
690576
005
20250826161818.0
008
250824s9999 xx 000 0 und d
245
0
_a
BAŞLANGIÇLARIN SONSUZ MUTLULUĞU
_c
AYKUT ERTUĞRUL
260
_b
KETEBE YAYINLARI
999
_c
690576
_d
690576